| 000 | 01275cam a2200397Mi 4500 | ||
|---|---|---|---|
| 001 | 42885 | ||
| 005 | 20230410105613.0 | ||
| 008 | 010220s2001 sp b 000 0 spa d | ||
| 035 | _a(OCoLC)ocm46331118 | ||
| 040 |
_aPL# _bspa _cPL# _dOCLCQ |
||
| 020 | _a847432856X | ||
| 020 | _a9788474328561 | ||
| 029 | 0 |
_aPL# _b847432856X |
|
| 035 | _a(OCoLC)46331118 | ||
| 050 | 1 | 4 |
_aHD 30.3 _bB798d 2001 |
| 082 | 0 | 0 | _a158.1 |
| 100 | 1 | _aBradbury, Andrew. | |
| 245 | 1 | 0 |
_aDesarrolle sus habilidades con PNL / _cAndrew Bradbury. |
| 250 | _a1. ed. | ||
| 260 |
_a[Barcelona] : _bGedisa Editorial, _c2001. |
||
| 300 |
_a158 p. ; _c21 cm. |
||
| 440 | 4 |
_aThe Sunday times. _pNuevos emprendedores |
|
| 500 | _aTítulo original: Develop your NLP skills. | ||
| 504 | _aBibliografía: p. [159]. | ||
| 650 | 0 |
_aCommunication in management _xPsychological aspects. |
|
| 650 | 4 | _aComunicación en administración. | |
| 650 | 4 |
_aComunicación en administración _xAspectos sicológicos |
|
| 650 | 0 | _aNeurolinguistic programming. | |
| 650 | 0 | _aSelf-actualization (Psychology) | |
| 650 | 0 | _aSuccess in business | |
| 650 | 4 | _aProgramación neurolinguística. | |
| 938 |
_aPuvill Libros _bPUVL _n847432856X _c$7.29 |
||
| 942 |
_2lcc _cbk |
||
| 946 | _aclperz | ||
| 994 |
_aC0 _bDRFGD |
||
| 999 |
_c40121 _d40121 |
||